MARC details
| 000 -CABECERA |
| campo de control de longitud fija |
03064nam a2200301 a 4500 |
| 001 - NÚMERO DE CONTROL |
| campo de control |
000015034 |
| 005 - FECHA Y HORA DE LA ÚLTIMA TRANSACCIÓN |
| campo de control |
20250701104719.0 |
| 008 - DATOS DE LONGITUD FIJA--INFORMACIÓN GENERAL |
| campo de control de longitud fija |
100129s2001 dr ac 000 0 spa d |
| 040 ## - FUENTE DE LA CATALOGACIÓN |
| Centro catalogador/agencia de origen |
DO-SdBNP |
| Lengua de catalogación |
spa |
| Centro/agencia transcriptor |
BNPHU |
| 082 ## - NÚMERO DE LA CLASIFICACIÓN DECIMAL DEWEY |
| Número de clasificación |
628.44564 |
| Número de documento/Ítem |
B585i |
| 100 1# - ENTRADA PRINCIPAL--NOMBRE DE PERSONA |
| Nombre de persona |
Bidó, Héctor |
| 9 (RLIN) |
14515 |
| 245 10 - MENCIÓN DE TÍTULO |
| Título |
Introducción a los rellenos sanitarios / |
| Mención de responsabilidad, etc. |
Héctor Bidó. |
| 260 ## - PUBLICACIÓN, DISTRIBUCIÓN, ETC. |
| Lugar de publicación, distribución, etc. |
Santo Domingo : |
| Nombre del editor, distribuidor, etc. |
Secrtetaría de Estado de Medio Ambiente y Recursos Naturales, |
| Fecha de publicación, distribución, etc. |
2001. |
| 300 ## - DESCRIPCIÓN FÍSICA |
| Extensión |
431 p. : |
| Otras características físicas |
il., retrs. ; |
| Dimensiones |
23 cm. |
| 500 ## - NOTA GENERAL |
| Nota general |
Incluye referencias bibliograficas al final de los capítulos |
| 505 0# - NOTA DE CONTENIDO CON FORMATO |
| Nota de contenido con formato |
Introducción a los residuos sólidos -- Caracterización de los residuos sólidos -- Composición de los residuos sólidos -- Generación de los residuos sólidos -- Manejo integral de los residuos sólidos -- Problemática ambiental -- Problema económico de los residuos sólidos -- Discusiones y problemas -- Disposición final de los residuos sólidos -- Disposición final de los residuos sólidos-- Transformación de los residuos sólidos -- Disposición final de los residuos sólidos -- Discusiones y problemas -- Principios básicos de los reyenos sanitarios -- Componente del relleno sanitario -- Actividades en un relleno sanitario -- Clasificación y tipos de relleno sanitarios -- Métodos de disposición final -- Capacidad volumétrica de los rellenos sanitarios -- Protección de la salud y del medio ambiente -- Cambios en las propiedades de los rellenos -- Discusiones y problemas. |
| 505 0# - NOTA DE CONTENIDO CON FORMATO |
| Nota de contenido con formato |
Ubicación de rellenos sanitarios -- Identificación de sitios potenciales -- Evaluación de sitios potenciales -- Criterios de selección de sitios potenciales -- Discusiones y problemas -- Diseño de los rellenos Sanitarios -- Procedimiento para el diseño de los rellenos -- Preparación del sitio -- Diseño y construcción -- Discusiones y problemas -- Operación de rellenos sanitarios-- Procedimientos básicos de operación -- Operación de disposición final -- Operación de equipos -- Salud y seguridad pública -- Controles ambientales -- Discusiones y problemas -- Manejo de lixiviados-- Manejo de aguas superficiales -- Formación, migración y composición del lixiviado -- Sistrema de recolección del lixiviado -- Control y tratamiento del lixiviado -- Discusiones y problemas -- Manejo del gas del relleno sanitario -- Generación y composición del biogás -- Recuperación del biogas -- Discusiones y problemas -- Clausura y vigilancia de los rellenos sanitarios-- Clausura de rellenos sanitarios -- Sistemas de controles. |
| 590 ## - NOTA LOCAL (RLIN) |
| Nota local |
Inventariado,2018/DG |
| 650 #4 - PUNTO DE ACCESO ADICIONAL DE MATERIA--TÉRMINO DE MATERIA |
| Término de materia o nombre geográfico como elemento de entrada |
Basuras y aprovechamiento de basuras |
| 9 (RLIN) |
34024 |
| 650 #4 - PUNTO DE ACCESO ADICIONAL DE MATERIA--TÉRMINO DE MATERIA |
| Término de materia o nombre geográfico como elemento de entrada |
Aprovechamiento de residuos |
| 9 (RLIN) |
34025 |
| 650 #4 - PUNTO DE ACCESO ADICIONAL DE MATERIA--TÉRMINO DE MATERIA |
| Término de materia o nombre geográfico como elemento de entrada |
Conversión de residuos |
| 9 (RLIN) |
34026 |
| 650 #4 - PUNTO DE ACCESO ADICIONAL DE MATERIA--TÉRMINO DE MATERIA |
| Término de materia o nombre geográfico como elemento de entrada |
Ingeniería sanitaria |
| 9 (RLIN) |
34027 |
| 650 #4 - PUNTO DE ACCESO ADICIONAL DE MATERIA--TÉRMINO DE MATERIA |
| Término de materia o nombre geográfico como elemento de entrada |
Productos de residuos |
| 9 (RLIN) |
34028 |
| 650 #0 - PUNTO DE ACCESO ADICIONAL DE MATERIA--TÉRMINO DE MATERIA |
| Término de materia o nombre geográfico como elemento de entrada |
Salud pública |
| 9 (RLIN) |
56565 |
| 650 #0 - PUNTO DE ACCESO ADICIONAL DE MATERIA--TÉRMINO DE MATERIA |
| Término de materia o nombre geográfico como elemento de entrada |
Saneamiento |
| 9 (RLIN) |
7181 |
| 710 1# - PUNTO DE ACCESO ADICIONAL--NOMBRE DE ENTIDAD CORPORATIVA |
| Nombre de entidad corporativa o nombre de jurisdicción como elemento de entrada |
República Dominicana. |
| Unidad subordinada |
Secrtetaría de Estado de Medio Ambiente y Recursos Naturales. |
| 9 (RLIN) |
34029 |
| 910 ## - DATOS DE OPCIÓN DEL USUARIO (OCLC) |
| Datos de opción del usuario |
Validado. Control de calidad MFF |